The life of sir arthur conan doyle

محفوظ في:
التفاصيل البيبلوغرافية
المؤلف الرئيسي: Carr, John Dickson
التنسيق: كتاب
اللغة:Undetermined
منشور في: New York Harper & Brothers 1949
الوسوم: إضافة وسم
لا توجد وسوم, كن أول من يضع وسما على هذه التسجيلة!
Thư viện lưu trữ: Trung tâm Học liệu Trường Đại học Cần Thơ
LEADER 00453nam a2200169Ia 4500
001 CTU_86508
008 210402s9999 xx 000 0 und d
082 |a 928.2 
082 |b C311 
100 |a Carr, John Dickson 
245 4 |a The life of sir arthur conan doyle 
245 0 |c John Dickson Carr 
260 |a New York 
260 |b Harper & Brothers 
260 |c 1949 
904 |i Tuyến 
980 |a Trung tâm Học liệu Trường Đại học Cần Thơ